000 00265nam a22001217a 4500
008 171124b xxu||||| |||| 00| 0 eng d
041 _aeng
080 _a338
100 _a53
101 _aMEN
245 _aMODERN SU[ERVIOR TRCHNIQUES
_cJAN.N
942 _2udc
_cBK
999 _c38442
_d38442